How to do everything. Microsoft Expression Web 2 / (Record no. 47470)
[ view plain ]
| 000 -LEADER | |
|---|---|
| fixed length control field | 01295nam a22002537a 4500 |
| 008 - FIXED-LENGTH DATA ELEMENTS--GENERAL INFORMATION | |
| fixed length control field | 161128b xxu||||| |||| 00| 0 eng d |
| 020 ## - INTERNATIONAL STANDARD BOOK NUMBER | |
| International Standard Book Number | 9780071545877 |
| 050 ## - LIBRARY OF CONGRESS CALL NUMBER | |
| Classification number | TK5105.88 |
| Item number | .B35 2009 |
| 100 ## - MAIN ENTRY--PERSONAL NAME | |
| Personal name | Baker, Donna L., 1955- |
| 245 ## - TITLE STATEMENT | |
| Title | How to do everything. Microsoft Expression Web 2 / |
| Statement of responsibility, etc | Donna L. Baker, Rick Leinecker |
| 246 ## - VARYING FORM OF TITLE | |
| Title proper/short title | Microsoft Expression Web 2 |
| 260 ## - PUBLICATION, DISTRIBUTION, ETC. (IMPRINT) | |
| Place of publication, distribution, etc | New York : |
| Name of publisher, distributor, etc | McGraw-Hill, |
| Date of publication, distribution, etc | 2009 |
| 300 ## - PHYSICAL DESCRIPTION | |
| Extent | xix, 341, 22 p. : |
| Other physical details | ill. (some col.) ; |
| Dimensions | 23 cm |
| 440 ## - SERIES STATEMENT/ADDED ENTRY--TITLE | |
| Title | How to do everything |
| 500 ## - GENERAL NOTE | |
| General note | Includes index |
| 520 ## - SUMMARY, ETC. | |
| Summary, etc | "Build dynamic, standards-based web sites ; learn to use CSS and XHTML ; master the program's powerful features" --Cover, p.1 |
| 520 ## - SUMMARY, ETC. | |
| Summary, etc | Separate 22 p. "spotlight section profiles a web site development workflow," "Cafe Margo," [Located between p. 172-173] |
| 538 ## - SYSTEM DETAILS NOTE | |
| System details note | Most downloadable files for examples or projects in the book are found on the publisher's website through a link for the specific title. A few specific files mentioned in particular chapters are available from rickleinecker.com, the co-author's website |
| 630 ## - SUBJECT ADDED ENTRY--UNIFORM TITLE | |
| Relator term | Microsoft Expression Web |
| 650 ## - SUBJECT ADDED ENTRY--TOPICAL TERM | |
| Topical term or geographic name as entry element | Web sites |
| General subdivision | Authoring programs |
| 650 ## - SUBJECT ADDED ENTRY--TOPICAL TERM | |
| Topical term or geographic name as entry element | Web site development |
| 700 ## - ADDED ENTRY--PERSONAL NAME | |
| Personal name | Leinecker, Richard C |
| 942 ## - ADDED ENTRY ELEMENTS (KOHA) | |
| Source of classification or shelving scheme | Library of Congress Classification |
| Item type | Book |
| Withdrawn status | Lost status | Source of classification or shelving scheme | Damaged status | Not for loan | Collection code | Home library | Current library | Shelving location | Date acquired | Source of acquisition | Cost, normal purchase price | Full call number | Barcode | Copy number | Price effective from | Koha item type |
|---|---|---|---|---|---|---|---|---|---|---|---|---|---|---|---|---|
| Library of Congress Classification | Non-fiction | Nairobi Campus | Nairobi Campus | General Circulation | 28/11/2016 | Donations | 1000.00 | TK5105.88 B35 2009 | 048894 | 1 | 28/11/2016 | Book |